| 000 | 00719nam a2200241 i 4500 | ||
|---|---|---|---|
| 001 | 78726 | ||
| 003 | ES-MaACL | ||
| 005 | 20230906173809.0 | ||
| 007 | t| | ||
| 008 | 041015s1968 sp ||||1| spa d | ||
| 080 | _a282"19" | ||
| 100 | 1 |
_aHeer, Friedrich. _962306 |
|
| 245 | 1 | 3 |
_aEl cristiano y la problemática actual / _cFriedrich Heer ; [traducido por Víctor Schultz]. |
| 250 | _a1ª ed. | ||
| 260 |
_aBarcelona : _b[Fontanella], _c1968. |
||
| 300 |
_a262 p. ; _c19 cm. |
||
| 490 | 1 |
_aPensamiento ; _v22 |
|
| 650 |
_aCristianismo- _xHistoria- _yS.XX. _9160094 |
||
| 700 | 1 |
_aScholz, Víctor. _9104643 |
|
| 830 | 0 |
_aPensamiento ; _v22 _9178722 |
|
| 852 |
_aES-MaACL _jC-56812 _bR.67458 |
||
| 999 |
_c78726 _d78726 |
||